000 00462nam a2200193Ia 4500
005 20240823024154.0
008 240823s9999||||xx |||||||||||||| ||und||
020 _a978-81-203-3703-2
041 _aENGLISH
082 _A658.401 P9
100 _aSanjiva Shankar Dubey
245 0 _aIT Strategy and Management
250 _a1st
260 _c2009
_b#VALUE!
500 _aYES
650 _aIt Strategy
_bManagement Studies
942 _cBK
999 _c183290
_d183290